|
|
|
|
| LEADER |
00000nab a2200000uu 4500 |
| 001 |
vtls011483936 |
| 003 |
SK-MaSNL |
| 005 |
20260303154353.0 |
| 008 |
230222|1954 xo |||||||||||||||||slo| |
| 015 |
|
|
|a SNBRB
|
| 035 |
|
|
|a (urnnbn)urn:nbn:sk:snk:ar-00765d
|
| 035 |
|
|
|a (uuid)94584a8f-ef77-4f15-9f05-59f545da8e42
|
| 035 |
|
|
|a urn:nbn:sk:snk-abdano
|
| 040 |
|
|
|a SNKBUCL
|b slo
|c SNKBUCL
|e AACR2
|
| 041 |
0 |
|
|a slo
|
| 044 |
|
|
|a xo
|c SK
|
| 100 |
1 |
|
|a Zub, Gleb
|4 aut
|9 1177049
|
| 245 |
1 |
0 |
|a Prúdová metóda - zábezpeka bytovej výstavby
|c Gleb Zub
|
| 773 |
0 |
|
|t Stavba : časopis pre techniku a ekonomiku stavebníctva
|g Roč. 1, č. 1 (1954), s. 4-6
|
| 954 |
|
|
|a odborná, vedecká literatúra pôvodná (slovenská)
|2 lita
|
| 958 |
|
|
|a OND
|
| 958 |
|
|
|a EUIPO
|
| 958 |
|
|
|a article18
|
| 999 |
|
|
|c 2033763
|d 2035693
|